Normal view
MARC view
- اضطرابات التوحد - الامراض العقلية
Entry Topical Term
001 - CONTROL NUMBER
- control field: 31473
003 - CONTROL NUMBER IDENTIFIER
- control field: JO-AjAnu
005 - DATE AND TIME OF LATEST TRANSACTION
- control field: 20230606075311.0
008 - FIXED-LENGTH DATA ELEMENTS
- fixed length control field: 230606|| aca||aabn | a|a d
040 ## - CATALOGING SOURCE
- Original cataloging agency: JO-AjAnu
- Transcribing agency: JO-AjAnu
150 ## - HEADING--TOPICAL TERM
- Topical term or geographic name entry element: اضطرابات التوحد - الامراض العقلية
670 ## - SOURCE DATA FOUND
- Source citation: Work cat.: (JO-AjAnu)16160: الزراع ، نايف بن عابد, author 31472, المدخل الى اضطراب: التوحد المفاهيم الاساسية وطرق التدخل